| 000 | 00602cam a2200193 a 4500 | ||
|---|---|---|---|
| 001 | 000001382 | ||
| 005 | 20200929145548.0 | ||
| 008 | 810828s1969 sp 001 0 spa | ||
| 040 |
_aDO-SdBNP _bspa _cBNPHU |
||
| 082 |
_a500.946 _bL865c |
||
| 100 | 1 |
_aLora Tamayo, Manuel _94627 |
|
| 245 | 1 | 3 |
_aUn clima para la ciencia / _cManuel Lora-Tamayo. |
| 260 |
_aMadrid : _bGredos, _c1969. |
||
| 300 |
_a150 p. ; _c20 cm. |
||
| 440 | 0 |
_aBiblioteca Universitaria Gredos. _pEnsayos _94628 |
|
| 650 | 4 |
_aCiencia _zEspaña _94629 |
|
| 650 | 4 |
_aCiencia y estado _zEspaña _94630 |
|
| 650 | 4 |
_aInvestigación _zEspaña _94631 |
|
| 999 |
_c1306 _d1306 |
||